| 000 | 02510nam a2200361 a 4500 | ||
|---|---|---|---|
| 001 | ebr10630706 | ||
| 003 | CaPaEBR | ||
| 006 | m u | ||
| 007 | cr cn||||||||| | ||
| 008 | 120118s2012 dcu sb 001 0 eng d | ||
| 010 | _z 2012001503 | ||
| 020 | _z9781589019287 (pbk. : alk. paper) | ||
| 020 | _z9781589019294 (e-book) | ||
| 040 |
_aCaPaEBR _cCaPaEBR |
||
| 035 | _a(OCoLC)820124125 | ||
| 050 | 1 | 4 |
_aU263 _b.S773 2012eb |
| 082 | 0 | 4 |
_a355.02/17 _223 |
| 245 | 0 | 0 |
_aStrategy in the second nuclear age _h[electronic resource] : _bpower, ambition, and the ultimate weapon / _cToshi Yoshihara and James R. Holmes, editors. |
| 260 |
_aWashington, D.C. : _bGeorgetown University Press, _cc2012. |
||
| 300 | _avi, 250 p. | ||
| 504 | _aIncludes bibliographical references and index. | ||
| 505 | 0 | _aIntroduction / Toshi Yoshihara and James R. Holmes -- After proliferation: deterrence theory and emerging nuclear powers / Joshua Rovner -- South Africa's nuclear strategy: deterring "total onslaught" and "nuclear blackmail" in three stages / Helen E. Purkitt and Stephen F. Burgess -- The future of Chinese nuclear strategy / Christopher T. Yeaw, Andrew S. Erickson, and Michael S. Chase -- North Korea's nuclear weapons program: motivations, strategy, and doctrine / Terence Roehrig -- Changing perceptions of extended deterrence in Japan / James L. Schoff -- Thinking about the unthinkable: Tokyo's nuclear option / James R. Holmes and Toshi Yoshihara -- India's nuclear strategy / Anupam Srivastava and Seema Gahlaut -- The future of India's undersea nuclear deterrent / Andrew C. Winner -- Pakistan's nuclear posture: thinking about the unthinkable? / Timothy D. Hoyt -- Regime type, nuclear reversals, and nuclear strategy: the ambiguous case of Iran / Scott A. Jones and James R. Holmes -- Conclusion: thinking about strategy in the second nuclear age / Toshi Yoshihara and James R. Holmes. | |
| 533 |
_aElectronic reproduction. _bPalo Alto, Calif. : _cebrary, _d2011. _nAvailable via World Wide Web. _nAccess may be limited to ebrary affiliated libraries. |
||
| 650 | 0 | _aNuclear warfare. | |
| 650 | 0 |
_aNuclear weapons _xGovernment policy. |
|
| 650 | 0 | _aStrategic forces. | |
| 650 | 0 | _aSecurity, International. | |
| 655 | 7 |
_aElectronic books. _2local |
|
| 700 | 1 | _aYoshihara, Toshi. | |
| 700 | 1 |
_aHolmes, James R., _d1965- |
|
| 710 | 2 | _aebrary, Inc. | |
| 856 | 4 | 0 |
_uhttp://site.ebrary.com/lib/rucke/Doc?id=10630706 _zAn electronic book accessible through the World Wide Web; click to view |
| 999 |
_c52862 _d52862 |
||